[Event "Rheinland Pfalz op Seniors 16th"]
[Site "Neustadt an der Weinstrasse"]
[Date "2018.07.12"]
[Round "6"]
[White "Buerkelbach, Josef"]
[Black "Riegler, Markus"]
[Result "1/2-1/2"]
[WhiteElo "1554"]
[BlackElo "1758"]
[PlyCount "37"]
[EventDate "2018.07.07"]
[EventType "swiss"]
[EventRounds "9"]
[EventCountry "GER"]
[SourceTitle "EXT 2019"]
[Source "ChessBase"]
[SourceDate "2018.10.10"]
[SourceVersion "1"]
[SourceVersionDate "2018.10.10"]
[SourceQuality "1"]

1. d4 e6 2. Nf3 f5 3. e3 Nf6 4. Bd3 b6 5. Nbd2 Bb7 6. b3 c5 7. Bb2 Be7 8. 0-0 Nc6 9. a3 0-0 10. Qe2 d5 11. h3 Ne4 12. Ba6 Bxa6 13. Qxa6 Bf6 14. Rab1 cxd4 15. Nxe4 fxe4 16. Nxd4 Nxd4 17. Bxd4 Bxd4 18. exd4 Qd6 19. a4 1/2-1/2

[Event "Rheinland Pfalz op Seniors 16th"]
[Site "Neustadt an der Weinstrasse"]
[Date "2018.07.07"]
[Round "1"]
[White "Kalepky, Helmut"]
[Black "Riegler, Markus"]
[Result "1-0"]
[WhiteElo "1980"]
[BlackElo "1758"]
[PlyCount "47"]
[EventDate "2018.07.07"]
[EventType "swiss"]
[EventRounds "9"]
[EventCountry "GER"]
[SourceTitle "EXT 2019"]
[Source "ChessBase"]
[SourceDate "2018.10.10"]
[SourceVersion "1"]
[SourceVersionDate "2018.10.10"]
[SourceQuality "1"]

1. e4 c6 2. d4 d5 3. exd5 cxd5 4. c4 Nf6 5. Nc3 e6 6. Nf3 Nc6 7. Bf4 Bb4 8. a3 Bxc3+ 9. bxc3 dxc4 10. Bxc4 Nd5 11. Bd2 a6 12. 0-0 0-0 13. Bd3 f5 14. Re1 Qc7 15. Rc1 b5 16. a4 Qb7 17. axb5 axb5 18. Rb1 Nc7 19. c4 b4 20. Bf4 h6 21. d5 exd5 22. Bxc7 Qxc7 23. cxd5 Ne7 24. d6 1-0

[Event "Arber op Seniors 3rd"]
[Site "Bayerisch Eisenstein"]
[Date "2015.08.08"]
[Round "8"]
[White "Hilbig, Dieter"]
[Black "Riegler, Markus"]
[Result "1-0"]
[WhiteElo "2067"]
[BlackElo "1780"]
[PlyCount "49"]
[EventDate "2015.08.01"]
[EventType "swiss"]
[EventRounds "9"]
[EventCountry "GER"]
[SourceTitle "EXT 2016"]
[Source "ChessBase"]
[SourceDate "2015.10.08"]
[SourceVersion "1"]
[SourceVersionDate "2015.10.08"]
[SourceQuality "1"]

1. e4 e5 2. Nf3 Nf6 3. Nc3 Nc6 4. d4 exd4 5. Nxd4 Bb4 6. Nxc6 Bxc3+ 7. bxc3 bxc6 8. Bd3 h6 9. Ba3 d6 10. 0-0 Bg4 11. Qd2 Nd7 12. f4 f6 13. e5 Nf8 14. Rae1 Kf7 15. Bb2 Rb8 16. Ba1 Nd7 17. h3 Be6 18. f5 Nxe5 19. fxe6+ Kxe6 20. Bc4+ d5 21. Bd3 Kd6 22. Qf4 Re8 23. c4 Ke7 24. Bxe5 fxe5 25. Rxe5+ 1-0

[Event "Wuertemberg-ch Seniors 27th"]
[Site "Freudenstadt"]
[Date "2015.07.08"]
[Round "6"]
[White "Riegler, Markus"]
[Black "Gousseinov, Aguif"]
[Result "0-1"]
[WhiteElo "1798"]
[BlackElo "1991"]
[PlyCount "80"]
[EventDate "2015.07.03"]
[EventType "swiss"]
[EventRounds "9"]
[EventCountry "GER"]
[SourceTitle "EXT 2016"]
[Source "ChessBase"]
[SourceDate "2015.10.08"]
[SourceVersion "1"]
[SourceVersionDate "2015.10.08"]
[SourceQuality "1"]

1. c4 e5 2. Nc3 Nf6 3. g3 Bc5 4. Bg2 Nc6 5. a3 a6 6. d3 d6 7. h3 0-0 8. Nf3 h6 9. 0-0 Bf5 10. b4 Ba7 11. e4 Be6 12. Nd5 Nd4 13. Bb2 Nxf3+ 14. Qxf3 Nh7 15. h4 f5 16. exf5 Bxf5 17. Qe2 Qd7 18. Kh2 c6 19. Ne3 Be6 20. Rad1 Bd4 21. a4 Nf6 22. Bxd4 exd4 23. Nc2 Rae8 24. Qd2 c5 25. b5 Ng4+ 26. Kg1 Ne5 27. f4 Ng4 28. Rde1 Bf7 29. Bf3 axb5 30. Rxe8 Rxe8 31. axb5 Ne3 32. Re1 Qh3 33. Nxe3 Qxg3+ 34. Bg2 dxe3 35. Qe2 b6 36. Rf1 Qxh4 37. Qe1 Qf6 38. Be4 Qd4 39. Kg2 Bxc4 40. Rf3 Bxd3 0-1

[Event "Bayern-ch Seniors op 27th"]
[Site "Bergen"]
[Date "2015.06.15"]
[Round "7"]
[White "Riegler, Markus"]
[Black "Gerhards, Walter"]
[Result "0-1"]
[WhiteElo "1609"]
[BlackElo "1756"]
[PlyCount "62"]
[EventDate "2015.06.15"]
[EventType "swiss"]
[EventRounds "9"]
[EventCountry "GER"]
[SourceTitle "EXT 2019"]
[Source "ChessBase"]
[SourceDate "2018.10.10"]
[SourceVersion "1"]
[SourceVersionDate "2018.10.10"]
[SourceQuality "1"]

1. c4 Nf6 2. Nc3 e6 3. e4 d5 4. e5 Nfd7 5. d4 dxc4 6. Bxc4 Nb6 7. Bb3 c5 8. Nf3 Bd7 9. 0-0 Na6 10. d5 c4 11. dxe6 Bxe6 12. Ba4+ Nxa4 13. Qxa4+ Qd7 14. Be3 Bc5 15. Nd4 0-0 16. Qxd7 Bxd7 17. a3 Rfd8 18. Rad1 Bg4 19. Rd2 Rd7 20. h3 Bh5 21. f4 Rad8 22. Ncb5 f5 23. exf6 gxf6 24. g4 Bf7 25. f5 Nb8 26. Rfd1 Nc6 27. Kf2 a6 28. Ne6 Rxd2+ 29. Rxd2 Rxd2+ 30. Kf3 Bxe3 31. Kxe3 Rxb2 0-1

[Event "GER-chB Seniors 26th"]
[Site "Bad Neuenahr"]
[Date "2014.08.07"]
[Round "3"]
[White "Riegler, Markus"]
[Black "Grigat, Klaus Dieter"]
[Result "0-1"]
[WhiteElo "1804"]
[BlackElo "1923"]
[PlyCount "76"]
[EventDate "2014.08.05"]
[EventType "swiss"]
[EventRounds "9"]
[EventCountry "GER"]
[SourceTitle "EXT 2018"]
[Source "ChessBase"]
[SourceDate "2017.10.13"]
[SourceVersion "1"]
[SourceVersionDate "2017.10.13"]
[SourceQuality "1"]

1. c4 g6 2. d4 Bg7 3. Nc3 d6 4. e4 c6 5. Be3 Nf6 6. h3 a6 7. a4 0-0 8. Nf3 Nbd7 9. Qd2 Re8 10. Be2 e5 11. dxe5 Nxe5 12. Nxe5 dxe5 13. Rd1 Be6 14. 0-0 Qc7 15. Qd6 Qxd6 16. Rxd6 Bf8 17. Rdd1 Bb4 18. Na2 Be7 19. f3 b5 20. a5 bxc4 21. Rc1 Rab8 22. Bb6 Bd8 23. Bxd8 Rexd8 24. Bxc4 Bxc4 25. Rxc4 Rxb2 26. Rf2 Rxf2 27. Kxf2 Rd2+ 28. Kg1 Rxa2 29. g4 Rxa5 30. Rxc6 Kg7 31. Kg2 Ra2+ 32. Kg3 a5 33. Rc5 a4 34. Rxe5 a3 35. Ra5 Ra1 36. h4 a2 37. Kf4 Nd7 38. e5 Nxe5 0-1

[Event "GER-chB Seniors 26th"]
[Site "Bad Neuenahr"]
[Date "2014.08.05"]
[Round "1"]
[White "Riegler, Markus"]
[Black "Neiss, Albrecht"]
[Result "1/2-1/2"]
[WhiteElo "1804"]
[BlackElo "1602"]
[PlyCount "50"]
[EventDate "2014.08.05"]
[EventType "swiss"]
[EventRounds "9"]
[EventCountry "GER"]
[SourceTitle "EXT 2018"]
[Source "ChessBase"]
[SourceDate "2017.10.13"]
[SourceVersion "1"]
[SourceVersionDate "2017.10.13"]
[SourceQuality "1"]

1. c4 c6 2. Nc3 d5 3. d4 Nf6 4. Nf3 a6 5. c5 Bf5 6. Nh4 e6 7. Nxf5 exf5 8. Bg5 Be7 9. g3 0-0 10. Qc2 g6 11. e3 Nbd7 12. Be2 Re8 13. 0-0 Ne4 14. Bxe7 Qxe7 15. Nd1 Ng5 16. Nc3 Ne4 17. Bf3 Ndf6 18. Kg2 Ng4 19. Nxe4 dxe4 20. Bxg4 fxg4 21. Qe2 Qe6 22. Rh1 Qf5 23. Rae1 Qf3+ 24. Kg1 Rad8 25. Qxf3 gxf3 1/2-1/2

[Event "Bad Woerishofen Seniors op 30th"]
[Site "Bad Woerishofen"]
[Date "2014.03.28"]
[Round "8"]
[White "Girod, Gudrun"]
[Black "Riegler, Markus"]
[Result "1/2-1/2"]
[WhiteElo "1565"]
[BlackElo "1817"]
[PlyCount "81"]
[EventDate "2014.03.21"]
[EventType "swiss"]
[EventRounds "9"]
[EventCountry "GER"]
[SourceTitle "EXT 2019"]
[Source "ChessBase"]
[SourceDate "2018.10.10"]
[SourceVersion "1"]
[SourceVersionDate "2018.10.10"]
[SourceQuality "1"]

1. d4 Nf6 2. Bf4 b6 3. Nf3 Bb7 4. e3 d6 5. h3 Nbd7 6. Be2 g6 7. 0-0 Bg7 8. c3 0-0 9. Nbd2 c5 10. Rc1 Rc8 11. Kh1 a6 12. Kg1 b5 13. Nh2 Qa5 14. a3 c4 15. Bf3 Bxf3 16. Nhxf3 Nd5 17. Bh2 e5 18. dxe5 Nxe5 19. Nxe5 dxe5 20. e4 Nf4 21. Bxf4 exf4 22. Nf3 Rfd8 23. Qe2 Rd3 24. Rcd1 Rcd8 25. e5 Qc7 26. e6 Qe7 27. exf7+ Kxf7 28. Qc2 Qd6 29. Rxd3 Qxd3 30. Qc1 Qf5 31. Rd1 Rd3 32. Rxd3 cxd3 33. Qd2 g5 34. Ne1 h5 35. Qxd3 Qe6 36. Nf3 Kf6 37. Qd4+ Kg6 38. Qd3+ Kh6 39. Nd4 Qg6 40. Qxg6+ Kxg6 41. f3 1/2-1/2

[Event "Bad Woerishofen Seniors op 30th"]
[Site "Bad Woerishofen"]
[Date "2014.03.26"]
[Round "6"]
[White "Haakert, Karl"]
[Black "Riegler, Markus"]
[Result "1/2-1/2"]
[WhiteElo "1943"]
[BlackElo "1817"]
[PlyCount "103"]
[EventDate "2014.03.21"]
[EventType "swiss"]
[EventRounds "9"]
[EventCountry "GER"]
[SourceTitle "EXT 2019"]
[Source "ChessBase"]
[SourceDate "2018.10.10"]
[SourceVersion "1"]
[SourceVersionDate "2018.10.10"]
[SourceQuality "1"]

1. e4 d5 2. exd5 Nf6 3. d4 Qxd5 4. Nc3 Qa5 5. Bd3 Bg4 6. Nge2 c6 7. h3 Bh5 8. 0-0 Bg6 9. Ng3 Bxd3 10. Qxd3 e6 11. Bf4 Be7 12. a3 Nbd7 13. b4 Qd8 14. Nge4 Nxe4 15. Nxe4 Nf6 16. Nc5 Bxc5 17. bxc5 0-0 18. Rfd1 Qd5 19. Rab1 Qd7 20. Rb3 Nd5 21. Bd6 Rfd8 22. Qg3 b5 23. Rc1 a6 24. c4 Nf6 25. Bc7 Rdc8 26. Be5 Ne8 27. Qe3 Ra7 28. a4 f6 29. Bh2 Rd8 30. Bg3 Kf7 31. cxb5 axb5 32. axb5 cxb5 33. c6 Qxd4 34. Qxd4 Rxd4 35. Rxb5 e5 36. Rcb1 Rc7 37. Rc1 Ke6 38. f3 Ra4 39. Rb6 Nd6 40. Bf2 Nb5 41. Bc5 Nd4 42. Bxd4 Rxd4 43. Rb7 Kd6 44. Rb6 h5 45. Rc2 h4 46. Kf2 g5 47. Ra6 Rd5 48. Ra8 Ke6 49. Re8+ Kf5 50. Ra8 Rd6 51. Ra6 Rd4 52. Ra8 1/2-1/2

[Event "Bad Woerishofen Seniors op 30th"]
[Site "Bad Woerishofen"]
[Date "2014.03.23"]
[Round "3"]
[White "Riegler, Markus"]
[Black "Schulz, Franz"]
[Result "1-0"]
[WhiteElo "1817"]
[BlackElo "1670"]
[PlyCount "69"]
[EventDate "2014.03.21"]
[EventType "swiss"]
[EventRounds "9"]
[EventCountry "GER"]
[SourceTitle "EXT 2019"]
[Source "ChessBase"]
[SourceDate "2018.10.10"]
[SourceVersion "1"]
[SourceVersionDate "2018.10.10"]
[SourceQuality "1"]

1. e4 e6 2. d4 d5 3. Nc3 dxe4 4. Nxe4 Nf6 5. Ng3 Bd7 6. Nf3 Bb4+ 7. c3 Be7 8. Bg5 h6 9. Bf4 Bd6 10. Ne5 Nd5 11. Bd2 Nc6 12. f4 Nxe5 13. fxe5 Be7 14. Ne4 Bc6 15. Qg4 g6 16. Bd3 Nb6 17. 0-0 Rh7 18. Nf6+ Bxf6 19. Rxf6 Qe7 20. c4 0-0-0 21. a4 Kb8 22. a5 Nd7 23. Be4 Bxe4 24. Qxe4 Nxf6 25. exf6 Qxf6 26. Bc3 Qe7 27. a6 c6 28. d5 Qc5+ 29. Bd4 Qe7 30. axb7 c5 31. Be5+ Rd6 32. Ra6 Kxb7 33. Rxd6 f5 34. Qf3 Kc8 35. Rxe6 1-0

[Event "Bayern-ch Seniors 25th"]
[Site "Bergen"]
[Date "2013.06.22"]
[Round "9.32"]
[White "Riegler, Markus"]
[Black "Nefzger, Franz"]
[Result "1/2-1/2"]
[WhiteElo "1641"]
[BlackElo "1511"]
[PlyCount "38"]
[EventDate "2013.06.15"]
[EventType "swiss"]
[EventRounds "9"]
[EventCountry "GER"]
[SourceTitle "EXT 2022"]
[Source "ChessBase"]
[SourceDate "2021.10.06"]
[SourceVersion "1"]
[SourceVersionDate "2021.10.06"]
[SourceQuality "1"]

1. c4 e5 2. Nc3 Nf6 3. g3 Be7 4. Bg2 c6 5. d4 exd4 6. Qxd4 d6 7. Nf3 h6 8. 0-0 Be6 9. e4 0-0 10. h3 Nbd7 11. Be3 Qc7 12. Rad1 Rfd8 13. Qd3 Ne5 14. Nxe5 dxe5 15. Qe2 Rxd1 16. Rxd1 a6 17. a3 Rd8 18. Rxd8+ Qxd8 19. b4 c5 1/2-1/2

[Event "Arber op 1st"]
[Site "Bayerisch Eisenstein"]
[Date "2012.08.24"]
[Round "7"]
[White "Riegler, Markus"]
[Black "Pauer, Franz"]
[Result "1-0"]
[WhiteElo "1659"]
[BlackElo "1506"]
[PlyCount "141"]
[EventDate "2012.08.18"]
[EventType "swiss"]
[EventRounds "9"]
[EventCountry "GER"]
[SourceTitle "CBM 150 Extra"]
[Source "ChessBase"]
[SourceDate "2012.10.19"]
[SourceVersion "1"]
[SourceVersionDate "2012.10.19"]
[SourceQuality "1"]

1. c4 Nf6 2. Nc3 e5 3. Nf3 Nc6 4. d3 Bc5 5. Bg5 h6 6. Bh4 g5 7. Bg3 d6 8. h3 a6 9. a3 Be6 10. e3 Qe7 11. Be2 0-0-0 12. b4 Ba7 13. Qa4 Bd7 14. Qb3 e4 15. dxe4 Nxe4 16. Nxe4 Qxe4 17. Rd1 Qg6 18. Qc3 Bb6 19. Nd2 Rhe8 20. Nb3 f5 21. 0-0 f4 22. Bd3 Qg8 23. c5 dxc5 24. bxc5 Ba7 25. exf4 Be6 26. Bc2 gxf4 27. Rxd8+ Rxd8 28. Bxf4 Rd5 29. Be4 Rh5 30. Bg3 Bxb3 31. Bxc6 bxc6 32. Rb1 Bd5 33. Qa5 Bb8 34. Qxa6+ Kd7 35. Qb7 Rg5 36. Qxb8 Rxg3 37. fxg3 Qxg3 38. Qb2 Qe3+ 39. Qf2 Qe4 40. Re1 Qg6 41. a4 Be6 42. Kh2 Kc8 43. a5 Bc4 44. Qg3 Qf6 45. Rb1 Qf5 46. Qg4 Qxg4 47. hxg4 Kd7 48. Kg3 Ba6 49. Kf4 Ke7 50. Rh1 Ke6 51. Rxh6+ Kd5 52. Rh5+ Kc4 53. Re5 Kb4 54. g5 Kxa5 55. g6 Bc4 56. g7 Kb5 57. g4 Bg8 58. Re8 Bd5 59. g8Q Bxg8 60. Rxg8 Kxc5 61. Rd8 Kb4 62. g5 c5 63. g6 c4 64. g7 c3 65. g8Q c2 66. Qf8+ c5 67. Rb8+ Ka4 68. Qe8+ Ka3 69. Qe1 c1Q+ 70. Qxc1+ Ka2 71. Qb2# 1-0

[Event "Arber op 1st"]
[Site "Bayerisch Eisenstein"]
[Date "2012.08.22"]
[Round "5"]
[White "Riegler, Markus"]
[Black "Balint, Levente"]
[Result "1-0"]
[WhiteElo "1659"]
[BlackElo "1560"]
[PlyCount "107"]
[EventDate "2012.08.18"]
[EventType "swiss"]
[EventRounds "9"]
[EventCountry "GER"]
[SourceTitle "CBM 150 Extra"]
[Source "ChessBase"]
[SourceDate "2012.10.19"]
[SourceVersion "1"]
[SourceVersionDate "2012.10.19"]
[SourceQuality "1"]

1. e4 c6 2. d4 d5 3. e5 Bf5 4. Be3 Qb6 5. Qc1 e6 6. a3 c5 7. c3 c4 8. Nd2 Ne7 9. f4 Nec6 10. Be2 h5 11. Ngf3 Be7 12. h3 Na5 13. Ra2 Nbc6 14. Qd1 Nb3 15. Nxb3 cxb3 16. Ra1 Na5 17. Bd3 Nc4 18. Bc1 Bxd3 19. Qxd3 Rc8 20. Rb1 a5 21. 0-0 a4 22. f5 exf5 23. Qxf5 Qe6 24. Qd3 Rg8 25. Qh7 Kd7 26. Qxh5 g6 27. Qg4 Rgf8 28. Nh2 Nxa3 29. bxa3 Rxc3 30. Bb2 Rc2 31. Rf2 Rfc8 32. Rxf7 Rxb2 33. Rxb2 Rc1+ 34. Nf1 Qxg4 35. hxg4 Ke6 36. Rbf2 Rc2 37. R2f6+ Bxf6 38. Rxf6+ Ke7 39. Rb6 Rc3 40. Rxb7+ Kf8 41. Nd2 Rc2 42. Nf3 Ra2 43. g5 Rxa3 44. e6 Ke8 45. Ne5 b2 46. Rxb2 Rb3 47. Rxb3 axb3 48. Nd3 Ke7 49. Kf2 Kxe6 50. g4 Kd6 51. Ke3 Kc6 52. Kd2 Kb5 53. Kc3 Ka4 54. Kb2 1-0

[Event "Arber op 1st"]
[Site "Bayerisch Eisenstein"]
[Date "2012.08.21"]
[Round "4"]
[White "Strangmueller, Andreas"]
[Black "Riegler, Markus"]
[Result "1-0"]
[WhiteElo "1820"]
[BlackElo "1659"]
[PlyCount "83"]
[EventDate "2012.08.18"]
[EventType "swiss"]
[EventRounds "9"]
[EventCountry "GER"]
[SourceTitle "CBM 150 Extra"]
[Source "ChessBase"]
[SourceDate "2012.10.19"]
[SourceVersion "1"]
[SourceVersionDate "2012.10.19"]
[SourceQuality "1"]

1. d4 Nf6 2. Nf3 d5 3. c4 c6 4. Nc3 Bf5 5. cxd5 cxd5 6. Qb3 e6 7. Qxb7 Nbd7 8. Bf4 Be7 9. e3 0-0 10. Bc7 Qc8 11. Ba6 Qxb7 12. Bxb7 Rae8 13. Ke2 Bg4 14. Nb5 Bd8 15. Rhc1 Bxc7 16. Rxc7 e5 17. h3 Bxf3+ 18. Kxf3 exd4 19. Nxd4 Ne5+ 20. Ke2 Rb8 21. f4 Nc4 22. b3 Nd6 23. Ba6 Rfe8 24. Rac1 Rb4 25. Nc6 Rbe4 26. Ne5 d4 27. Rxa7 Rxe3+ 28. Kf1 Nd5 29. Rd7 Nxf4 30. Rxd6 R3xe5 31. Rd1 Ne6 32. Bc4 Kf8 33. Bxe6 R5xe6 34. Rxe6 Rxe6 35. Rxd4 Ra6 36. a4 Ke7 37. Ke2 f5 38. Kd3 g5 39. Kc4 Rc6+ 40. Kb5 Rc2 41. a5 Rxg2 42. a6 1-0

[Event "Arber op 1st"]
[Site "Bayerisch Eisenstein"]
[Date "2012.08.19"]
[Round "2"]
[White "Hilarius, Sander"]
[Black "Riegler, Markus"]
[Result "1-0"]
[WhiteElo "1769"]
[BlackElo "1659"]
[PlyCount "73"]
[EventDate "2012.08.18"]
[EventType "swiss"]
[EventRounds "9"]
[EventCountry "GER"]
[SourceTitle "CBM 150 Extra"]
[Source "ChessBase"]
[SourceDate "2012.10.19"]
[SourceVersion "1"]
[SourceVersionDate "2012.10.19"]
[SourceQuality "1"]

1. d4 Nf6 2. c4 e6 3. Nc3 d5 4. cxd5 exd5 5. Bg5 Be7 6. e3 c6 7. Bd3 Bg4 8. f3 Bh5 9. Nge2 Nbd7 10. 0-0 Bg6 11. Bh4 Nh5 12. Bf2 Bxd3 13. Qxd3 g6 14. Rfe1 0-0 15. Rad1 f5 16. a3 Qb6 17. b4 a6 18. e4 fxe4 19. fxe4 Ne5 20. Qh3 Rf6 21. Bh4 Raf8 22. Bxf6 Rxf6 23. exd5 Nf7 24. Ne4 Rf5 25. Nc5 cxd5 26. Qe3 Qc7 27. Rf1 Rxf1+ 28. Rxf1 Ng7 29. Nf4 Bg5 30. Qf3 Nf5 31. Nfe6 Be3+ 32. Kh1 Qd6 33. g4 Bxd4 34. gxf5 Bxc5 35. bxc5 Qd7 36. fxg6 hxg6 37. Qf6 1-0

[Event "Arber op 1st"]
[Site "Bayerisch Eisenstein"]
[Date "2012.08.18"]
[Round "1"]
[White "Riegler, Markus"]
[Black "Angermuende, Dirk"]
[Result "1/2-1/2"]
[WhiteElo "1659"]
[BlackElo "1986"]
[PlyCount "88"]
[EventDate "2012.08.18"]
[EventType "swiss"]
[EventRounds "9"]
[EventCountry "GER"]
[SourceTitle "CBM 150 Extra"]
[Source "ChessBase"]
[SourceDate "2012.10.19"]
[SourceVersion "1"]
[SourceVersionDate "2012.10.19"]
[SourceQuality "1"]

1. c4 e5 2. Nc3 Nf6 3. g3 c6 4. Bg2 d5 5. cxd5 cxd5 6. d4 e4 7. Bg5 Be7 8. e3 Nc6 9. a3 0-0 10. Nge2 Bg4 11. 0-0 Qd7 12. Qb3 Na5 13. Qc2 Nc4 14. Nf4 Nb6 15. Qb3 Rfd8 16. a4 Qf5 17. Bxf6 Bxf6 18. h3 Bf3 19. Qb5 Bxg2 20. Kxg2 Bg5 21. a5 Bxf4 22. axb6 a6 23. Qb3 Bg5 24. Qd1 Rd6 25. Na4 Bd8 26. f4 h6 27. Qb3 Rc8 28. Rac1 Rdc6 29. Rc5 Rxc5 30. dxc5 Be7 31. Rd1 Rd8 32. Qc2 Qe6 33. b4 Bf6 34. Nc3 Bxc3 35. Qxc3 Qc6 36. Qb3 Kf8 37. Kf2 Ke7 38. Qc3 f6 39. g4 Rd7 40. Qb3 Rd8 41. h4 Qe6 42. Rg1 Qd7 43. Qc3 Qc8 44. Qd4 Qe6 1/2-1/2

[Event "Bayern-ch Seniors 24nd"]
[Site "Bergen"]
[Date "2012.06.23"]
[Round "8"]
[White "Schoenfelder, Heinrich"]
[Black "Riegler, Markus"]
[Result "1/2-1/2"]
[WhiteElo "1715"]
[BlackElo "1613"]
[PlyCount "83"]
[EventDate "2012.06.16"]
[EventType "swiss"]
[EventRounds "9"]
[EventCountry "GER"]
[SourceTitle "EXT 2015"]
[Source "ChessBase"]
[SourceDate "2014.11.20"]
[SourceVersion "1"]
[SourceVersionDate "2014.11.20"]
[SourceQuality "1"]

1. d4 d5 2. c4 c6 3. e3 Nf6 4. Nc3 g6 5. Nf3 Bg4 6. h3 Bxf3 7. Qxf3 e6 8. cxd5 exd5 9. Bd3 Bg7 10. 0-0 0-0 11. b3 Re8 12. Bb2 Nbd7 13. Rac1 Rc8 14. a3 a6 15. Rc2 Re6 16. Rfc1 Nb6 17. Ne2 Ne4 18. Nf4 Re8 19. a4 a5 20. Ba3 Qd7 21. g4 Rcd8 22. Ne2 Nc8 23. Ng3 Nxg3 24. Qxg3 Nd6 25. Qg2 Re6 26. b4 axb4 27. Bxb4 Ne8 28. a5 Nc7 29. Bc5 Ra8 30. Bb6 Na6 31. Rb1 Bf8 32. Rcb2 Bd6 33. Bf5 gxf5 34. gxf5+ Kh8 35. fxe6 Qxe6 36. Kf1 Rg8 37. Qf3 Qg6 38. Bc5 Bxc5 39. dxc5 Nxc5 40. Qg4 Qd3+ 41. Qe2 Qg6 42. Qg4 1/2-1/2

[Event "Bayern-ch Seniors 24nd"]
[Site "Bergen"]
[Date "2012.06.19"]
[Round "4"]
[White "Petersen, Steffen"]
[Black "Riegler, Markus"]
[Result "1-0"]
[WhiteElo "1759"]
[BlackElo "1613"]
[PlyCount "97"]
[EventDate "2012.06.16"]
[EventType "swiss"]
[EventRounds "9"]
[EventCountry "GER"]
[SourceTitle "EXT 2015"]
[Source "ChessBase"]
[SourceDate "2014.11.20"]
[SourceVersion "1"]
[SourceVersionDate "2014.11.20"]
[SourceQuality "1"]

1. e4 d5 2. g3 dxe4 3. Nc3 Nf6 4. Qe2 c6 5. Nxe4 Nxe4 6. Qxe4 Nd7 7. Bg2 Nf6 8. Qe2 g6 9. Nf3 Bg7 10. d4 Bg4 11. c3 0-0 12. h3 Bxf3 13. Bxf3 e6 14. h4 h5 15. g4 hxg4 16. Bxg4 Nxg4 17. Qxg4 Qd5 18. Rg1 Qf5 19. Qe2 f6 20. Be3 Kf7 21. 0-0-0 Rh8 22. Rg4 Bh6 23. Rdg1 Bxe3+ 24. fxe3 Rh6 25. e4 Qh5 26. Qg2 Rg8 27. Qg3 e5 28. Rf1 Re8 29. d5 cxd5 30. exd5 f5 31. Rc4 Re7 32. d6 Qe2 33. Re1 Qxc4 34. dxe7 e4 35. Qe5 Qc6 36. Rd1 Rxh4 37. Rd6 Rh1+ 38. Kd2 e3+ 39. Kd3 Qe4+ 40. Qxe4 fxe4+ 41. Kxe3 Kxe7 42. Rxg6 Rh2 43. Rg7+ Kd6 44. Rxb7 a5 45. Kxe4 Kc5 46. Kd3 Rg2 47. a4 Rg3+ 48. Kc2 Kc6 49. Rb5 1-0

[Event "Bayern-ch Seniors 24nd"]
[Site "Bergen"]
[Date "2012.06.18"]
[Round "3"]
[White "Riegler, Markus"]
[Black "Neiss, Albrecht"]
[Result "1-0"]
[WhiteElo "1613"]
[BlackElo "1432"]
[PlyCount "73"]
[EventDate "2012.06.16"]
[EventType "swiss"]
[EventRounds "9"]
[EventCountry "GER"]
[SourceTitle "EXT 2015"]
[Source "ChessBase"]
[SourceDate "2014.11.20"]
[SourceVersion "1"]
[SourceVersionDate "2014.11.20"]
[SourceQuality "1"]

1. c4 c6 2. Nc3 d5 3. d4 Nf6 4. e3 a6 5. a4 e6 6. Nf3 Bb4 7. Bd2 0-0 8. Bd3 Nbd7 9. 0-0 Re8 10. Qc2 e5 11. Nxe5 Nxe5 12. dxe5 Rxe5 13. cxd5 cxd5 14. Ne2 Be7 15. Bc3 Rh5 16. f3 Be6 17. Nf4 Rh6 18. Bd4 Rc8 19. Qb3 Qd7 20. Rac1 Rc6 21. Rc2 Rxc2 22. Qxc2 g5 23. Nxe6 fxe6 24. Rc1 Bd6 25. Qc8+ Qxc8 26. Rxc8+ Kg7 27. h3 e5 28. Bc3 Rh4 29. b3 e4 30. fxe4 dxe4 31. Be2 Kf7 32. Bc4+ Kg6 33. b4 g4 34. Rd8 Bc7 35. Bxf6 Kxf6 36. Rd7 Bb6 37. Rd6+ 1-0

[Event "Bayern-ch Seniors 24nd"]
[Site "Bergen"]
[Date "2012.06.17"]
[Round "2"]
[White "Sobottka, Manfred"]
[Black "Riegler, Markus"]
[Result "1/2-1/2"]
[WhiteElo "1417"]
[BlackElo "1613"]
[PlyCount "55"]
[EventDate "2012.06.16"]
[EventType "swiss"]
[EventRounds "9"]
[EventCountry "GER"]
[SourceTitle "EXT 2015"]
[Source "ChessBase"]
[SourceDate "2014.11.20"]
[SourceVersion "1"]
[SourceVersionDate "2014.11.20"]
[SourceQuality "1"]

1. d4 Nf6 2. Nf3 e6 3. e3 d5 4. Bd3 c5 5. c3 Nc6 6. Nbd2 c4 7. Bc2 Bd7 8. 0-0 b5 9. e4 dxe4 10. Nxe4 Nxe4 11. Bxe4 Rc8 12. Re1 Be7 13. Bf4 0-0 14. Ne5 Nxe5 15. Bxe5 Bc6 16. Bc2 Bf6 17. Qh5 g6 18. Qh3 Qe7 19. Rad1 Rcd8 20. f4 Bd5 21. Qh6 Bh8 22. Bxh8 Kxh8 23. Re3 f5 24. Rde1 Qf6 25. Re5 Rd7 26. Bd1 Qf7 27. R1e3 Qg7 28. Qxg7+ 1/2-1/2

[Event "Bad Wiessee Seniors op"]
[Site "Bad Wiessee"]
[Date "2012.04.29"]
[Round "9"]
[White "Sanna, Giuseppe"]
[Black "Riegler, Markus"]
[Result "1-0"]
[WhiteElo "1655"]
[BlackElo "1583"]
[PlyCount "81"]
[EventDate "2012.04.21"]
[EventType "swiss"]
[EventRounds "9"]
[EventCountry "GER"]
[SourceTitle "EXT 2015"]
[Source "ChessBase"]
[SourceDate "2014.11.20"]
[SourceVersion "1"]
[SourceVersionDate "2014.11.20"]
[SourceQuality "1"]

1. d4 Nf6 2. c4 e6 3. Nc3 b6 4. Bg5 Be7 5. Nf3 h6 6. Bh4 Bb7 7. e3 d6 8. Nd2 Nbd7 9. f3 e5 10. d5 Nh7 11. Bf2 Bh4 12. g3 Be7 13. Bg2 f5 14. 0-0 0-0 15. e4 f4 16. a3 a5 17. b4 axb4 18. axb4 Rxa1 19. Qxa1 Bg5 20. Nb3 Qa8 21. Nb5 Qb8 22. Qa2 c6 23. Nc3 cxd5 24. cxd5 Be7 25. Ra1 Ng5 26. Nd2 Qc8 27. Nb5 Qb8 28. Qa7 Qa8 29. Qxa8 Rxa8 30. Rxa8+ Bxa8 31. Nc4 Bb7 32. Nxb6 Nxb6 33. Bxb6 Bc8 34. Na7 Bd7 35. Nc6 Bf8 36. b5 Nf7 37. Ba5 g5 38. b6 Bc8 39. Bh3 Bb7 40. Be6 Kg7 41. Bxf7 1-0